Nejpoužívanější metody vyrovnávání a extrapolace křivky úmrtnosti a jejich aplikace na českou populaci

Závislosť odhadu intenzity úmrtnosti od spoľahlivosti empirických dát. Stručný nákres histórie modelovania úmrtnosti podľa veku. Prehľad vybraných modelov - modifikovaný Gompertz-Makeham, Himes-Preston-Condran, Heligman-Pollard, Kannistö, kubický model a ďalšie. Aplikácia modelu na české dáta vo vy...

Ausführliche Beschreibung

Gespeichert in:
Bibliographische Detailangaben
1. Verfasser: Burcin, Boris
Weitere Verfasser: Tesárková, Klára, Šídlo, Luděk
Format: Buchkapitel
Sprache:Tschechisch
Schlagworte:
Tags: Tag hinzufügen
Keine Tags, Fügen Sie das erste Tag hinzu!

MARC

LEADER 00000naa$a2200000$$$4500
001 0116418
005 20220426115113.3
041 0 |a cze 
044 |a CZ 
245 1 0 |a Nejpoužívanější metody vyrovnávání a extrapolace křivky úmrtnosti a jejich aplikace na českou populaci  |c Boris Burcin, Klára Tesárková, Luděk Šídlo 
520 |a Závislosť odhadu intenzity úmrtnosti od spoľahlivosti empirických dát. Stručný nákres histórie modelovania úmrtnosti podľa veku. Prehľad vybraných modelov - modifikovaný Gompertz-Makeham, Himes-Preston-Condran, Heligman-Pollard, Kannistö, kubický model a ďalšie. Aplikácia modelu na české dáta vo vybraných rokoch a možné dôsledky voľby rôznych modelov vyrovnávania úmrtnosti. 
610 2 0 |a demografia 
610 2 0 |a populácia 
610 2 0 |a úmrtnosť 
610 2 0 |a vek 
610 2 0 |a modely 
610 2 0 |a Česko 
100 1 |a Burcin, Boris 
700 1 |a Tesárková, Klára 
700 1 |a Šídlo, Luděk